| 000 | 00499nam a2200157Ia 4500 | ||
|---|---|---|---|
| 008 | 150121s9999 xx 000 0 und d | ||
| 020 | _a2094-9251 | ||
| 245 |
_aAsian Journal of Business and Governance / _h[electronic resource] |
||
| 260 |
_bLiceo de Cagayan University, _c2012. |
||
| 516 | _aElectronic text | ||
| 650 | _aBusiness Magement and Education. | ||
| 650 | _aTechnology. | ||
| 830 | _aPhilippine E-Journals | ||
| 856 | _uhttp://www.ejournals.ph/index.php?journal=AJBG | ||
| 942 | _cEJ | ||
| 999 |
_c276989 _d276989 |
||